| 000 | 00757nam a2200193 i 4500 | ||
|---|---|---|---|
| 001 | 186772 | ||
| 003 | ES-MaACL | ||
| 005 | 20250902063119.0 | ||
| 008 | 170214s1916 cu |||| | spa d | ||
| 080 | _a821.134.2(729.1)-82"18" | ||
| 100 | 1 |
_aCastellanos, Jesús, _d1879-1912 _936525 |
|
| 245 | 1 | 0 |
_aDe la vida internacional / _cJesús Castellanos. |
| 260 |
_a[Habana] : _bAcademia Nacional de Artes y Letras, _c1916 ( _fImp. "El Siglo XX" de Aurelio Miranda) |
||
| 300 |
_a397 p. ; _c21 cm. |
||
| 490 | 1 |
_aColección póstuma publicada por la Academia Nacional de Artes y Letras ; _v3 |
|
| 830 | 0 | 0 |
_aColección póstuma publicada por la Academia Nacional de Artes y Letras _v3 _9192595 |
| 852 |
_aES-MaACL _jF-3453 |
||
| 999 |
_c186772 _d186772 |
||